000 00773cam a2200121 4500500
005 20251012042500.0
041 _afre
042 _adc
245 0 0 _aDe l'argent
260 _bL'Harmattan,
_c2005.
520 _aCe numéro vise à rendre compte des dimensions de l’argent dans l’espace psychique: entendre dans la clinique les effets de l’argent, excès, manque, limitations, y découvrir le trajet de la dette structurant le sujet. Ce numéro n’est pas sans interroger les effets du capitalisme sans limites pour les sujets qui y sont soumis. La psychanalyse est le seul domaine d’expérience où l’on paye pour parler, jusqu’à parler en son nom.
856 4 1 _uhttps://shs.cairn.info/de-largent--9782747597685?lang=fr&redirect-ssocas=7080
999 _c1548800
_d1548800